đź“–đź’¬ Paroles "Le Coq et la Perle" la Fontaine - Statistiques

Statistiques générales
  • Ce quiz a Ă©tĂ© pris 35 fois
  • Le rĂ©sultat moyen est 40 sur 62
Statistiques - réponses
Mots % Correct
Coq
100%
D'
100%
de
100%
il
100%
il,
100%
il
100%
il,
100%
il
100%
la
100%
le
100%
le
100%
le
100%
Perle
100%
dit-
92%
dit-
92%
est
92%
Je
92%
Je
92%
Mais
92%
Mais
92%
qu'
92%
qu'
92%
qu'
92%
jour
85%
Un
85%
un
85%
Un
85%
un
85%
Une
85%
Au
77%
son
77%
bon
69%
ducaton
69%
bien
62%
bien
62%
crois
62%
crois,
62%
mon
54%
mon
54%
mil
46%
beau
38%
Chez
31%
grain
31%
mieux
31%
mieux
31%
porta
31%
voisin
31%
affaire.
23%
affaire.
23%
fine,
23%
Libraire.
23%
manuscrit
23%
moindre
23%
moindre
23%
premier
23%
Serait
23%
Serait
23%
détourna
15%
donna
15%
hérita
15%
ignorant
15%
Lapidaire.
15%
Aucun quiz correspondant
Distribution des résultats
% des personnes avec chaque résultat
Percentile par nombre de réponses
Votre historique - résultats
Vous n’avez pas pris ce quiz